Outsourcing ako proces
Outsourcing, ktorý je v súčasnosti chápaný nie len ako manažérsky nástroj na získanie konkurenčnej výhody, ale ako proces, ktorý má svoje fázy a špecifiká. Postup zavedenia outsourcingu a jeho fázy. Charakteristika poskytovateľov outsourcingových služieb. Výber a hodnotenie dodávateľov. Význam krité...
Saved in:
| Main Author: | |
|---|---|
| Format: | Book Chapter |
| Language: | Slovak |
| Subjects: | |
| Tags: |
No Tags, Be the first to tag this record!
|
MARC
| LEADER | 00000nla$a2200000$$$4500 | ||
|---|---|---|---|
| 001 | 0146732 | ||
| 005 | 20240502083338.4 | ||
| 041 | 0 | |a slo | |
| 044 | |a CZ | ||
| 245 | 1 | 0 | |a Outsourcing ako proces |c Lucia Badáňová |
| 520 | |a Outsourcing, ktorý je v súčasnosti chápaný nie len ako manažérsky nástroj na získanie konkurenčnej výhody, ale ako proces, ktorý má svoje fázy a špecifiká. Postup zavedenia outsourcingu a jeho fázy. Charakteristika poskytovateľov outsourcingových služieb. Výber a hodnotenie dodávateľov. Význam kritérií hodnotenia dodávateľov. Uzatvorenie kontraktu, implementácia a spätná väzba. | ||
| 610 | 2 | 0 | |a outsourcing |
| 610 | 2 | 0 | |a riadenie |
| 610 | 2 | 0 | |a služby |
| 610 | 2 | 0 | |a dodávatelia |
| 610 | 2 | 0 | |a odberatelia |
| 100 | 1 | |a Badáňová, Lucia | |